Villes de France en M - Statistiques

Statistiques générales
  • Ce quiz a été pris 145 fois
  • Le résultat moyen est 9 sur 15
Statistiques - réponses
Indices Villes % Correct
Deuxième plus grande ville française, appelée Massalia dans l'Antiquité. Marseille
99%
Préfecture de l'Hérault, proche de destinations touristiques littorales. Montpellier
93%
Préfecture de la Moselle, sans doute le lieu de l'invention de la Quiche Lorraine. Metz
80%
Ville du Sud de la Drôme connue pour sa confection de nougat. Montélimar
79%
Ville de Seine-et-Marne connue pour son Brie. Meaux
71%
Sous-préfecture du Haut-Rhin, formant une agglomération avec la ville de Bâle en Suisse. Mulhouse
69%
Préfecture de l'Allier, homonyme de l'édifice ayant repoussé Don Quichotte. Moulins
64%
Préfecture de plus de 30 000 habitants, nichée au coeur des Landes. Mont de Marsan
61%
Ville du Doubs souvent associée à Sochaux avec le siège de l'usine Peugeot. Montbéliard
60%
Préfecture du Tarn-et-Garonne, cheffe du Duché de Guyenne durant la guerre de Cent Ans. Montauban
54%
Deuxième ville la plus peuplée de Gironde, dans la banlieue bordelaise. Mérignac
53%
Ville de l'agglomération de Marseille appelée la "Venise de Provence". Martigues
50%
Ville du Nord du Finistère située au pied d'un viaduc construit en 1865. Morlaix
38%
Ville la plus peuplée des Alpes-de-Haute-Provence, lieu de naissance de Jean Giono. Manosque
26%
Sous-préfecture de la Loire, capitale historique du Forez. Montbrison
16%
Aucun quiz correspondant
Distribution des résultats
% des personnes avec chaque résultat
Percentile par nombre de réponses
Votre historique - résultats
Vous n’avez pas pris ce quiz